00420nam a2200157Ia 4500003000400000005001700004008004100021020001800062040002900080050002400109100002500133245003000158260004700188300001000235650001700245OSt20240813115531.0230105s9999||||xx |||||||||||||| ||und|| a9789966149060 cChuka University Library aHG 8051 b.C65 2014 aCollege of insurance 0aFundamentals of insurance aNairobi, KenyabCollege of insurancec2014 a147p. a1. Insurance